|
|
|
|
| LEADER |
01129nam a2200289 a 4500 |
| 001 |
4906246 |
| 008 |
091231s1994 pau b 001 0 eng d |
| 010 |
|
|
|a 94020682
|
| 020 |
|
|
|a 0812232615 (cloth : acid-free paper)
|
| 020 |
|
|
|a 0812215389 (pbk. : acid-free paper)
|
| 040 |
|
|
|a DLC
|c DLC
|d DLC
|d BD-DhAAL
|
| 082 |
0 |
0 |
|a 342/.0878
|a 342.2878
|2 20
|
| 245 |
0 |
0 |
|a Human rights of women :
|b national and international perspectives /
|c edited by Rebecca J. Cook.
|
| 260 |
|
|
|a Philadelphia :
|b University of Pennsylvania Press,
|c c1994.
|
| 300 |
|
|
|a xiv, 634 p. ;
|c 24 cm.
|
| 490 |
0 |
|
|a Pennsylvania studies in human rights
|
| 504 |
|
|
|a Includes bibliographical references and index.
|
| 541 |
1 |
|
|e 00005705
|
| 650 |
|
0 |
|a Women
|x Legal status, laws, etc.
|
| 650 |
|
0 |
|a Women's rights.
|
| 650 |
|
0 |
|a Human rights.
|
| 650 |
|
0 |
|a Feminism.
|
| 700 |
1 |
|
|a Cook, Rebecca J.
|
| 852 |
4 |
|
|a Ayesha Abed Library
|j General shelf
|
| 942 |
0 |
0 |
|0 1
|
| 999 |
|
|
|c 6640
|d 6640
|
| 952 |
|
|
|0 0
|1 0
|2 ddc
|4 0
|6 342_087800000000000_HUM_1994
|7 0
|9 6805
|a BRACUL
|b BRACUL
|c GEN
|d 2010-01-03
|g 2414.50
|l 10
|m 79
|o 342.0878 HUM
|p 3010005705
|r 2025-04-28
|s 2024-12-03
|t 1
|w 2010-01-03
|y BK
|